LEADER 00843nam0-2200265 --450 001 9910738300603321 005 20230906111427.0 010 $a978-88-921-4327-2 100 $a20230906d2022----kmuy0itay5050 ba 101 0 $aeng 102 $aIT 105 $a 001yy 200 1 $aEU VAT categories and the digital economy$fFrancesco Cannas 210 $aTorino$cGiappichelli$d2022 215 $aVIII, 316 p.$d24 cm 225 1 $aUniversità degli studi di Torino, Dipartimento di management, Sezione diritto dell'economia$v15 676 $a343.24055$v23$zita 700 1$aCannas,$bFrancesco$f<1984- >$01251483 801 0$aIT$bUNINA$gREICAT$2UNIMARC 901 $aBK 912 $a9910738300603321 952 $aX K 156$b2022/1085$fFGBC 959 $aFGBC 996 $aEU VAT categories and the digital economy$92900961 997 $aUNINA LEADER 03024nam 2200625 450 001 9910787374103321 005 20200520144314.0 010 $a1-59756-750-7 035 $a(CKB)3710000000341160 035 $a(EBL)1922909 035 $a(OCoLC)903957501 035 $a(SSID)ssj0001402350 035 $a(PQKBManifestationID)12503054 035 $a(PQKBTitleCode)TC0001402350 035 $a(PQKBWorkID)11359192 035 $a(PQKB)10285052 035 $a(Au-PeEL)EBL1922909 035 $a(CaPaEBR)ebr11014300 035 $a(MiAaPQ)EBC1922909 035 $a(EXLCZ)993710000000341160 100 $a20150214h20092009 uy 0 101 0 $aeng 135 $aur|n|---||||| 181 $ctxt 182 $cc 183 $acr 200 00$aLaryngeal dissection and phonosurgical atlas /$fedited by Adam M. Klein and Michael M. Johns 210 1$aSan Diego, California ;$aOxfordshire, [England] :$cPlural Publishing,$d2009. 210 4$d©2009 215 $a1 online resource (89 p.) 300 $aDescription based upon print version of record. 311 $a1-59756-005-7 311 $a1-59756-327-7 320 $aIncludes bibliographical references at the end of each chapters and index. 327 $a""Contents""; ""Foreword""; ""Acknowledgment""; ""Contributors""; ""Chapter 1. Introduction: Equipment and General Considerations""; ""Chapter 2. Head, Neck, and Laryngeal Holding Devices""; ""Chapter 3. Basic Anatomy and Physiology""; ""Chapter 4. Percutaneous Injection Procedures""; ""Chapter 5. Endoscopic Phonomicrosurgery""; ""Chapter 6. Type I Thyroplasty""; ""Chapter 7. Cricothyroid Subluxation""; ""Chapter 8. Arytenoid Adduction""; ""Chapter 9. Adduction Arytenopexy""; ""Closing Remarks""; ""Index"" 330 $aThis superbly illustrated atlas provides laryngologists with the base skills required to undertake all kinds of laryngeal phonosurgery procedures, prior to testing out one's skill set in the operating room or office on real patients. It guides the reader through the anatomy and physiology of the larynx (as they relate to the procedures) and various office and O.R.-based phonosurgical procedures, using easy-to-follow instructions and labeled photos. As such, otolaryngologists and otolaryngologists-in-training can confidently rely on this new resource to aid in honing their skills in a comfortab 606 $aLarynx$xDissection$vAtlases 606 $aLarynx$xSurgery$vAtlases 606 $aVoice disorders$xSurgery$vAtlases 606 $aVocal cords$xSurgery$vAtlases 615 0$aLarynx$xDissection 615 0$aLarynx$xSurgery 615 0$aVoice disorders$xSurgery 615 0$aVocal cords$xSurgery 676 $a617.533 700 $aKlein$b Adam M$01512831 702 $aKlein$b Adam M. 702 $aJohns$b Michael M.$cIII, 801 0$bMiAaPQ 801 1$bMiAaPQ 801 2$bMiAaPQ 906 $aBOOK 912 $a9910787374103321 996 $aLaryngeal dissection and phonosurgical atlas$93746981 997 $aUNINA LEADER 03265oas 2201249 a 450 001 9910144093903321 005 20260127110405.0 011 $a1542-9768 035 $a(DE-599)ZDB2108636 9 035 $a(OCoLC)51261311 035 $a(CONSER) 2002215643 035 $a(CKB)991042728216264 035 $a(DE-599)2108636-9 035 $a(EXLCZ)99991042728216264 100 $a20021220b20032016 uy a 101 0 $aeng 135 $aurmnu|||||||| 181 $ctxt$2rdacontent 182 $cc$2rdamedia 183 $acr$2rdacarrier 200 10$aBirth defects research$hPart C$iEmbryo today $ereviews 210 $a[Hoboken, N.J.] $cWiley-Liss, Inc.$d©2003-2016 210 2 $aMalden, MA $cJohn Wiley & Sons 210 3 $aHoboken, NJ $cWiley Periodicals, Inc 215 $a1 online resource 300 $aRefereed/Peer-reviewed 300 $aTitle from table of contents screen (Wiley InterScience; viewed: 8/15/2006). 300 $aPrint ceased in 2013; continued online only in 2014. 311 08$a1542-975X 517 3 $aEmbryo today 517 3 $aEmbryo today, reviews 517 1 $aBirth defects research. 531 0 $aBirth defects res., Part C Embryo today 606 $aAbnormalities, Human$xResearch$vPeriodicals 606 $aHuman embryo$xAbnormalities$vPeriodicals 606 $aEmbryo, Mammalian$xabnormalities 606 $aMalformations$vPe?riodiques 606 $aEmbryologie$vPe?riodiques 606 $aHuman embryo$xAbnormalities$2fast$3(OCoLC)fst00963001 606 $aEmbriologia humana$2thub 606 $aTeratologia$2thub 606 $aMalformacions$2thub 608 $aComputer network resources. 608 $aPeriodicals.$2fast 608 $aPeriodicals.$2lcgft 608 $aRevistes electròniques.$2thub 615 0$aAbnormalities, Human$xResearch 615 0$aHuman embryo$xAbnormalities 615 12$aEmbryo, Mammalian$xabnormalities. 615 6$aMalformations 615 6$aEmbryologie 615 7$aHuman embryo$xAbnormalities. 615 7$aEmbriologia humana. 615 7$aTeratologia. 615 7$aMalformacions. 676 $a612.6 712 02$aTeratology Society, 801 0$bNSD 801 1$bNSD 801 2$bOCLCQ 801 2$bGUA 801 2$bOCLCQ 801 2$bIUL 801 2$bLVB 801 2$bDLC 801 2$bUKMGB 801 2$bOCLCQ 801 2$bDLC 801 2$bVT2 801 2$bDLC 801 2$bOCLCO 801 2$bOCLCQ 801 2$bPFM 801 2$bOCLCE 801 2$bCCO 801 2$bCASUM 801 2$bUAB 801 2$bCUS 801 2$bOCLCO 801 2$bOCLCA 801 2$bOCLCQ 801 2$bOCLCF 801 2$bEZC 801 2$bOCLCO 801 2$bSTF 801 2$bOCLCO 801 2$bU3W 801 2$bOCLCO 801 2$bCRU 801 2$bOCLCO 801 2$bWYU 801 2$bOCLCO 801 2$bAUD 801 2$bOCLCA 801 2$bCGU 801 2$bOCLCQ 801 2$bBWN 801 2$bUBY 801 2$bOCLCO 801 2$bOCLCQ 801 2$bOCLCL 801 2$bSFB 801 2$bOCLCL 906 $aJOURNAL 912 $a9910144093903321 996 $aBirth defects research$91931721 997 $aUNINA